| 000 | 01185nam a2200373 i 4500 | ||
|---|---|---|---|
| 001 | 38656 | ||
| 003 | KOSZ 005 | ||
| 005 | 20220121095207.0 | ||
| 008 | 010629s2000 pl a f f |000 0 pol | ||
| 015 | _aPB 2001/12042 | ||
| 020 | _a8385776451 | ||
| 035 | _a(OCoLC)749792401 | ||
| 040 |
_aWA N _cWA N _dKOSZ 005/HR |
||
| 046 | _k2000 | ||
| 080 | _a336.717.16 | ||
| 080 | _a(075.8) | ||
| 100 | 1 |
_aPopowska, Ewa _eAutor |
|
| 245 | 1 | 0 |
_aRachunkowość bankowa / _cEwa Popowska, Włodzimierz Wąsowski. |
| 250 | _aWyd. 3 (uzup.). | ||
| 260 |
_aWarszawa : _b"Zarządzanie i Finanse", _c2000. |
||
| 300 |
_a366, [1] s. : _bil. ; _c24 cm. |
||
| 380 | _aKsiążki | ||
| 388 | _a1901-2000 | ||
| 388 | _a1989-2000 | ||
| 490 | 1 | _aBiblioteka Menedżera i Bankowca. | |
| 650 | 4 | _aBanki | |
| 650 | 4 | _aRachunkowość | |
| 655 | 4 | _aPodręczniki akademickie | |
| 658 | _aGospodarka, ekonomia, finanse | ||
| 700 | 1 |
_aWąsowski, Włodzimierz _d(1944- ) _eAutor |
|
| 830 | 0 | _aBiblioteka Menedżera i Bankowca (seria) | |
| 856 |
_uhttp://koha.tu.koszalin.pl/cgi-bin/koha/opac-detail.pl?biblionumber=38656 _yKatalog online BPK |
||
| 942 |
_2UKD _cKS |
||
| 999 |
_c38656 _d38656 |
||